Store Logos Close-Up Quiz Stats

 Plays Quiz Updated Jul 17, 2014

Support Sporcle.
Go Orange.
Score 0/24 Timer 05:00
3 Plays Today
Store % Correct
Disney
97.4%
Walmart
96.3%
Target
94.6%
Hallmark
93.4%
Hollister
92.5%
American Eagle
91.6%
Foot Locker
91.3%
Sears
88.9%
Kmart
88.7%
Nordstrom
84.7%
Kay Jewelers
84.7%
Victoria's Secret
84.4%
Store % Correct
Payless Shoes
83.4%
Macy's
79.6%
JC Penney
78.5%
GameStop
77%
Kohl's
76.4%
Claire's
70.6%
Crate&Barrel
66.2%
Barnes & Noble
65.6%
Dillards
59.8%
Neiman Marcus
58.8%
Lord & Taylor
55.3%
Eddie Bauer
43.3%

You're not logged in!

Compare scores with friends on all Sporcle quizzes.
OR
Log In

From the Vault

One-Minute Crossword VIII

by Qaqaq

Fill in the blanks as fast as you can!
Remove Ads.
Support Sporcle.
Get the best of Sporcle when you Go Orange. This ad-free experience offers more features, more stats, and more fun while also helping to support Sporcle. Thank you for becoming a member.

Show Comments

Extras

Top Quizzes Today


Score Distribution

Your Account Isn't Verified!

In order to create a playlist on Sporcle, you need to verify the email address you used during registration. Go to your Sporcle Settings to finish the process.

Report this User

Report this user for behavior that violates our Community Guidelines.

Details: